FIFA 12 Soundtrack - Statistics

General Stats
  • This quiz has been taken 13 times
  • The average score is 13 of 39
Answer Stats
Artist Song % Correct
Foster The People C{all} {It} {What} {You} {Want}
82%
The Strokes M{achu} {Picchu}
82%
Rock Mafia T{he} {Big} {Bang}
82%
Grouplove C{olours}
73%
Architecture In Helsinki E{scapee}
64%
Digitalism C{ircles}
55%
The Ting Tings H{ands}
55%
Graffiti6 S{tare} {Into} {The} {Sun}
55%
The Medics C{ity}
45%
Portugal. The Man G{ot} {It} {All} ({This} {Can’t} {Be} {Living} {Now})
45%
CSS H{its} {Me} {Like} {A} {Rock}
45%
DJ Raff L{atino} & {Proud}
45%
Crystal Castles / Robert Smith N{ot} {In} {Love}
45%
The Naked and Famous P{unching} {In} {A} {Dream}
45%
All Mankind B{reak} {The} {Spell}
36%
The Chain Gang of 1974 H{old} {On}
36%
Japanese Popstars (Captain Cutz Remix) L{et} {Go}
36%
Kasabian S{witchblade} {Smiles}
36%
Glasvegas T{he} {World} {Is} {Yours}
36%
Spank Rock E{nergy}
27%
Chase & Status N{o} {Problem}
27%
Alex Metric & Steve Angello O{pen} {Your} {Eyes}
27%
Macaco U{na} {Sola} {Voz}
27%
GIVERS U{p} {Up} {Up}
27%
TV On The Radio W{ill} {Do}
27%
Tying Tiffany D{rownin'}
18%
The Hives T{housand} {Answers}
18%
Pint Shot Riot (Kris Menace Remix) T{wisted} {Soul}
18%
Marteria / Yasha V{erstrahlt}
18%
El Guincho (Fresh Touch Dub Mix) B{ombay}
9%
Little Dragon N{ightLight}
9%
Cut Copy W{here} {I'm} {Going}
9%
The Vaccines W{reckin'} {Bar} ({Ra} {Ra} {Ra})
9%
La Vida Boheme E{l} {Buen} {Salvaje}
0%
Tittsworth & Alvin Risk / Maluca L{a} {Campana}
0%
Empresarios S{abor} {Tropical}
0%
Bloco Bleque / Gabriel O Pensador S{o} {Tem} {Jogador}
0%
Thievery Corporation S{targazer}
0%
Monarchy T{he} {Phoenix} {Alive}
0%
No matching quizzes found
Score Distribution
Percent of People with Each Score
Percentile by Number Answered
Your Score History
You have not taken this quiz